| 000 | 00832nam a2200277 a 4500 | ||
|---|---|---|---|
| 008 | |||
| 020 | _a1416034455 (pbk.) | ||
| 049 | _aMAIN | ||
| 090 |
_aQM455 _bFIT |
||
| 100 | 1 | _aFitzGerald, M.J. Turlough. | |
| 245 | 1 | 0 |
_aClinical neuroanatomy and neuroscience / _cM.J. Turlough FitzGerald, Gregory Gruener and Estomih Mtui. |
| 250 | _a5th ed. | ||
| 260 |
_aLondon : _bElsevier, _c2007. |
||
| 300 |
_axi, 428 p. : _bcol. ill. ; _c28 cm. |
||
| 500 | _aIncludes index. | ||
| 504 | _aIncludes bibliographical references. | ||
| 650 | _aNeuroscience. | ||
| 650 | _aNeuroanatomy. | ||
| 700 | _aGruener, Gregory. | ||
| 700 | _aMtui, Estomith. | ||
| 907 |
_a.b10258887 _b15-05-12 _c08-12-08 |
||
| 003 | |||
| 005 | 20230123124921.0 | ||
| 040 | _cNUST | ||
| 942 |
_cBOOKS _kQM455 _mFIT |
||
| 999 |
_c132530 _d132530 |
||